| 000 | 00721nam a2200181 a 4500 | ||
|---|---|---|---|
| 005 | 20210223120635.0 | ||
| 008 | 991125s1982 mx 000 0 spa u | ||
| 035 | _aUPN01000004795 | ||
| 049 | _aF | ||
| 050 | 4 |
_aRA784 _bA76 |
|
| 245 | 0 | 0 |
_aAspectos metodológicos de la enseñanza aprendizaje para la capacitación en nutrición / _cMaría Teresa Cerqueira ... [et al.]. |
| 260 |
_aMéxico : _bSSA, Dirección General de Educación para la Salud, _c1982. |
||
| 300 | _a11, [10] h. | ||
| 500 | _aPonencia presentada en la "Reunión Nacional de Capacitación y Organización para el Desarrollo Rural" | ||
| 650 | 4 |
_aNUTRICION - _xESTUDIO Y ENSEÑANZA _915750 |
|
| 700 | 1 |
_aCerqueira, María Teresa, _ecoaut. |
|
| 905 | _aLibro | ||
| 999 |
_c4795 _d4795 |
||